Science and information theory /
Guardado en:
| Autor Principal: | |
|---|---|
| Formato: | Libro |
| Idioma: | English |
| Publicado: |
New York :
Academic Press,
c1962.
|
| Edición: | 2d ed. |
| Etiquetas: |
Agregar Etiqueta
Sin Etiquetas, Sea el primero en etiquetar este registro!
|
| LEADER | 00611cam a22001815 4500 | ||
|---|---|---|---|
| 001 | MAT.inmabb001812 | ||
| 008 | 711118s1962####nyua#####b####001#0#eng#d | ||
| 005 | 20170612122149.0 | ||
| 245 | 1 | 0 | |a Science and information theory / |c Leon Brillouin. |
| 250 | |a 2d ed. | ||
| 260 | |a New York : |b Academic Press, |c c1962. | ||
| 300 | |a xvii, 351 p. : |b il. ; |c 24 cm. | ||
| 504 | |a Incluye referencias bibliográficas, y una lista de libros publicados por L. Brillouin. | ||
| 510 | 4 | |a MR, |c 25 #1062 | |
| 100 | 1 | |a Brillouin, Léon, |d 1889-1969. | |
| 084 | |a 94.20 |2 MR | ||
| 010 | |a 62001909 | ||
| 859 | |h 94 |i B857-2 |p A-3284 |b BIB. MATEMATICA | ||
